Countries Most Similar To Paraguay - Statistics

General Stats
  • This quiz has been taken 44 times
  • The average score is 17 of 20
Answer Stats
Rank Country Score % Correct
4 Colombia 73.3
100%
3 Uruguay 73.8
100%
1 Bolivia 77.5
97%
5 Brazil 72.7
97%
15 Chile 69
97%
2 Peru 74.1
97%
6 Venezuela 72.2
97%
8 Argentina 70.9
93%
19 Cuba 62.5
90%
7 Ecuador 72
90%
11 El Salvador 70.3
87%
12 Honduras 70.3
87%
10 Mexico 70.6
87%
16 Panama 68.9
87%
9 Nicaragua 70.6
83%
17 Costa Rica 68.8
80%
13 Dominican Republic 69.7
77%
14 Guatemala 69.5
77%
18 Belize 62.8
73%
20 Angola 60
7%
No matching quizzes found
Score Distribution
Percent of People with Each Score
Percentile by Number Answered
Your Score History
You have not taken this quiz